Sports Quiz

Random Sports or Basketball Quiz

SWAC Quiz Stats

 Plays Quiz Updated Feb 12, 2020

Support Sporcle.
Go Orange.
Score 0/20 Timer 05:00
0 Plays Today
% Correct
Tigers
65.5%
Tigers
65.4%
Tigers
65.4%
Alabama State
59.6%
Southern
58.1%
Grambling State
55%
Jackson State
54.8%
Alcorn State
53.4%
Alabama A&M
53%
Texas Southern
49.6%
% Correct
Bulldogs
49%
Mississippi Valley State
47.7%
Arkansas Pine Bluff
45.2%
Jaguars
44.4%
Hornets
42.9%
Prairie View A&M
42.7%
Panthers
41.2%
Delta Devils
38.2%
Braves
37.6%
Golden Lions
34.5%

You're not logged in!

Compare scores with friends on all Sporcle quizzes.
OR
Log In
Forgot?

From the Vault

Colorful Creature Crossword

by Exodiafinder687

Monochrome creatures would just be significantly less interesting.
Remove Ads.
Support Sporcle.
Get the best of Sporcle when you Go Orange. This ad-free experience offers more features, more stats, and more fun while also helping to support Sporcle. Thank you for becoming a member.

Show Comments

Extras

Top Quizzes Today


Score Distribution

Your Account Isn't Verified!

In order to create a playlist on Sporcle, you need to verify the email address you used during registration. Go to your Sporcle Settings to finish the process.

Report this User

Report this user for behavior that violates our Community Guidelines.

Details: